Kadrovska teorija i praksa kadrologija udruženog rada
Na minha lista:
| Autor principal: | |
|---|---|
| Formato: | Livro |
| Idioma: | croata |
| Publicado em: |
Zagreb
Informator
1983
|
| Tags: |
Sem tags, seja o primeiro a adicionar uma tag!
|
MARC
| LEADER | 00000nam a2200000 4500 | ||
|---|---|---|---|
| 001 | c116429 | ||
| 005 | 20140120122226.7 | ||
| 041 | 0 | |a hrv | |
| 044 | |a HR | ||
| 245 | 1 | 0 | |a Kadrovska teorija i praksa |b kadrologija udruženog rada |c Jovo Brekič |
| 264 | 1 | |a Zagreb |b Informator |c 1983 | |
| 300 | |a 529 s. | ||
| 100 | 1 | |a Brekič, Jovo | |